Gas turbine handbook : (Record no. 19596)
[ view plain ]
| 000 -LEADER | |
|---|---|
| fixed length control field | 01008cam a22002895a 4500 |
| 001 - CONTROL NUMBER | |
| control field | 17859788 |
| 005 - DATE AND TIME OF LATEST TRANSACTION | |
| control field | 20150811152149.0 |
| 008 - FIXED-LENGTH DATA ELEMENTS--GENERAL INFORMATION | |
| fixed length control field | 130821t2014 gaua frbd 001 0 eng d |
| 020 ## - INTERNATIONAL STANDARD BOOK NUMBER | |
| International Standard Book Number | 0881737127 (alk. paper) |
| 020 ## - INTERNATIONAL STANDARD BOOK NUMBER | |
| International Standard Book Number | 9781482228885 (Taylor & Francis distribution : alk. paper) |
| 020 ## - INTERNATIONAL STANDARD BOOK NUMBER | |
| Cancelled/invalid ISBN | 0881737135 (electronic) |
| 040 ## - CATALOGING SOURCE | |
| Original cataloging agency | DLC |
| Language of cataloging | eng |
| Transcribing agency | DLC |
| Modifying agency | DLC |
| -- | EG-ScBUE |
| 050 00 - LIBRARY OF CONGRESS CALL NUMBER | |
| Classification number | TJ778 |
| Item number | .G48 2014 |
| 082 00 - DEWEY DECIMAL CLASSIFICATION NUMBER | |
| Classification number | 621.433 |
| Edition number | 22 |
| Item number | GIA |
| 100 1# - MAIN ENTRY--PERSONAL NAME | |
| Personal name | Giampaolo, Tony, |
| Dates associated with a name | 1939- |
| 9 (RLIN) | 38323 |
| 245 10 - TITLE STATEMENT | |
| Title | Gas turbine handbook : |
| Remainder of title | principles and practice / |
| Statement of responsibility, etc | by Tony Giampaolo. |
| 250 ## - EDITION STATEMENT | |
| Edition statement | 5th ed. |
| 260 ## - PUBLICATION, DISTRIBUTION, ETC. (IMPRINT) | |
| Place of publication, distribution, etc | Lilburn : |
| Name of publisher, distributor, etc | The Fairmont Press ; |
| Place of publication, distribution, etc | Boca Raton ; |
| -- | London : |
| Name of publisher, distributor, etc | CRC Press / Taylor & Francis Group, |
| Date of publication, distribution, etc | c.2014. |
| 300 ## - PHYSICAL DESCRIPTION | |
| Extent | xv, 507 p. : |
| Other physical details | ill ; |
| Dimensions | 24 cm. |
| 500 ## - GENERAL NOTE | |
| General note | Index : p. 495-430. |
| 500 ## - GENERAL NOTE | |
| General note | Glossary : p. 493-507. |
| 504 ## - BIBLIOGRAPHY, ETC. NOTE | |
| Bibliography, etc | Includes bibliographical references. |
| 650 #0 - SUBJECT ADDED ENTRY--TOPICAL TERM | |
| Topical term or geographic name as entry element | Gas-turbines |
| Source of heading or term | BUEsh |
| 653 ## - INDEX TERM--UNCONTROLLED | |
| Resource For college | Engineering, General |
| Arrived date list | June2015 |
| -- | August2015 |
| 655 ## - INDEX TERM--GENRE/FORM | |
| Form subdivision | |
| -- | 34232 |
| 942 ## - ADDED ENTRY ELEMENTS (KOHA) | |
| Source of classification or shelving scheme | Dewey Decimal Classification |
| Withdrawn status | Lost status | Source of classification or shelving scheme | Damaged status | Not for loan | Koha collection | Home library | Current library | Shelving location | Date acquired | Source of acquisition | Cost, normal purchase price | Total Checkouts | Full call number | Barcode | Date last seen | Cost, replacement price | Koha item type |
|---|---|---|---|---|---|---|---|---|---|---|---|---|---|---|---|---|---|
| Dewey Decimal Classification | Baccah | Central Library | Central Library | First floor | 11/06/2015 | 680.00 | 621.433 GIA | 000038676 | 15/07/2025 | 850.00 | Book - Borrowing |